000 00811nam a2200241 a 4500
001 000023404
005 20200930022208.0
008 101206s1969 sp r 000 f spa d
040 _aDO-SdBNP
_bspa
_cBNPHU
041 1 7 _aspa
_hita
_2Código de idiomas MARC
082 _a232.9
_bP217h, 1969
100 1 _aPapini, Giovanni,
_d1881-1956
_947820
240 1 0 _aStoria di Cristo.
_lEspañol.
245 1 0 _aHistoria de Cristo /
_cGiovanni Papini ; traducción de C. Rivas Cherif.
250 _a17a ed.
260 _aMadrid :
_bFax,
_c1969.
300 _a497 p. ;
_c18 cm.
534 _pTítulo original en italiano:
_tStoria di Cristo.
_cVallecchi : Firenze
650 4 _aJesucristo -- enseñanzas.
_948219
650 4 _aJesucristo
_xBiografías
_948220
700 1 _aRivas Cherif, C.,
_etr.
_948221
049 _aBNGR
999 _c22901
_d22901